Statystyki dla Kanoniczne Filmy i Seriale ze świata Star Wars (Gwiezdne Wojny)

Kliknij tutaj aby rozwiązać quiz!

Ogólne statystyki

  • Ten quiz został rozwiązany 653 razy
    (591 od ostatniego zresetowania)
  • Średni wynik to 18 z 24

Statystyki odpowiedzi

Rok WydaniaTytuł% Poprawnych
1977Nowa Nadzieja
96%
2005Zemsta Sithów
96%
1980Imperium Kontratakuje
94%
1999Mroczne Widmo
94%
2008-2020Wojny Klonów (serial)
94%
2002Atak Klonów
93%
1983Powrót Jedi
91%
2019-The Mandalorian
91%
2017Ostatni Jedi
90%
2015Przebudzenie Mocy
88%
2019Skywalker. Odrodzenie
86%
2018Han Solo: Gwiezdne wojny – historie
84%
2016Łotr 1. Gwiezdne wojny – historie
84%
2014-2018Rebelianci
81%
2022-2022Obi-Wan Kenobi
77%
2023Ahsoka
72%
2021-2024Parszywa Zgraja
66%
2022-2024Andor
65%
2021-Księga Boby Fetta
61%
2022-Opowieści Jedi
45%
2018-2020Ruch oporu
42%
2008Wojny Klonów (film)
41%
2024The Acolyte
19%
2023Skeleton Crew
17%

Rozkład punktacji

Percentyl według liczby udzielonych odpowiedzi

Procent ludzi z każdym wynikiem

Twoja historia wyników

Nie rozwiązałeś tego quizu od ostatniego zresetowania